El Missal de Santa Eulàlia (Record no. 168748)

MARC details
000 -LEADER
campo de control de longitud fija 00938nam a2200241 i 4500
001 - NÚMERO DE CONTROL
campo de control 168748
003 - IDENTIFICADOR DE NÚMERO DE CONTROL
campo de control ES-MaACL
005 - FECHA Y HORA DE LA ÚLTIMA TRANSACCIÓN
campo de control 20230906213857.0
008 - DATOS DE LONGITUD FIJA--INFORMACIÓN GENERAL
campo de control de longitud fija 080530s1977 sp a |||| | spa d
020 ## - NÚMERO INTERNACIONAL ESTÁNDAR DEL LIBRO
Número Internacional Estándar del Libro 84-85197-08-9
080 ## - NÚMERO DE LA CLASIFICACIÓN DECIMAL UNIVERSAL
Número de la Clasificación Decimal Universal 264.02-12:091
245 03 - MENCIÓN DEL TÍTULO
Título El Missal de Santa Eulàlia
Resto del título : el Missal de Santa Eulàlia de la catedral de Barcelona: el llibre i el seu contingut, pel doctor Àngel Fàbrega i Grau. La decoració i la il.lustració del Missal de Santa Eulàlia, pel professor Pere Bohigas i Balaguer.
260 ## - PUBLICACIÓN, DISTRIBUCIÓN, ETC.
Lugar de publicación, distribución, etc. Madrid :
Nombre del editor, distribuidor, etc. Edilán,
Fecha de publicación, distribución, etc. 1977.
300 ## - DESCRIPCIÓN FÍSICA
Extensión 142 p. :
Otras características físicas il. col. ;
Dimensiones 35 cm.
500 ## - NOTA GENERAL
Nota general Láminas: p.93-139.
504 ## - NOTA DE BIBLIOGRAFÍA, ETC.
Nota de bibliografía, etc. Bibliografía.
546 ## - NOTA DE IDIOMA
Nota de lengua/lenguaje Texto paralelo en catalán y castellano.
650 14 - PUNTO DE ACCESO ADICIONAL DE MATERIA--TÉRMINO DE MATERIA
Término de materia o nombre geográfico como elemento de entrada Misales.
9 (RLIN) 137840
700 1# - ENTRADA AGREGADA--NOMBRE PERSONAL
Nombre de persona Fábrega Grau, Ángel.
9 (RLIN) 137841
700 1# - ENTRADA AGREGADA--NOMBRE PERSONAL
Nombre de persona Bohigas, Pere (
Fechas asociadas al nombre 1991-2003)
9 (RLIN) 29820
710 2# - ENTRADA AGREGADA--NOMBRE DE ENTIDAD CORPORATIVA
Nombre de entidad corporativa o nombre de jurisdicción como elemento de entrada Catedral de Barcelona.
9 (RLIN) 137842
852 ## - LOCALIZACIÓN
Ubicación ES-MaACL
Número de control de estantería L-29432
Holdings
Estatus retirado Estado de pérdida Estado de daño No para préstamo Biblioteca de origen Biblioteca actual Ubicación en estantería Fecha de adquisición Fuente de adquisición Total de préstamos Signatura topográfica completa Código de barras Visto por última vez Precio de reemplazo Tipo de ítem Koha
        Biblioteca del Ateneo de Madrid Biblioteca del Ateneo de Madrid Depósito 2 30/05/2008     L-29432 1177088 23/02/2023 23/02/2023 Libro impreso